Investigación y educación ambiental : (Registro nro. 7669)

Detalles MARC
000 -CABECERA
Campo de control 01001nam a22002417a 4500
005 - FECHA Y HORA DE LA ULTIMA TRANSACCION
Campo de control 20170913020002.0
008 - ELEMENTOS DE LONGITUD FIJA—INFORMACION GENERAL
Campo de control 120206s2012 ck a gr 000 0 spa d
015 ## - NATIONAL BIBLIOGRAPHY NUMBER
National bibliography number ck-2010-xxxx
020 ## - ISBN
ISBN 9789589936313
041 0# - IDIOMA
Código de idioma para texto/pista de sonido o título separado Español
043 ## - GEOGRAPHIC AREA CODE
Geographic area code s-ck---
082 04 - NUMERO DE CLASIFICACION DECIMAL DEWEY
Número de clasificación 370.19
Número del ítem C78i
245 00 - MENCION DE TITULO
Título Investigación y educación ambiental :
Parte restante del título apuestas investigativas pertinentes a los campos de reflexi ón e intervención en eduación ambiental.
Mención de responsabilidad Editado por Maritza Torres Carrasco
250 ## - MENCION DE EDICION
Mención de edición Edición Especial 2012
260 ## - PUBLICACION, DISTRIBUCION, ETC. (PIE DE IMPRENTA)
Lugar de publicación, distribución, etc. Bogotá
Nombre del editor, distribuidor, etc. Universidad Distrital Francisco José de Caldas
-- Corantioquia
Fecha de publicación, distribución, etc. 2012
300 ## - DESCRIPCION FISICA
Extensión 187 p. :
Dimensiones 28 cm.
500 ## - NOTA GENERAL
Nota general Edición especial 10 años de la política nacional de educación ambiental (2002-2012
504 ## - NOTA DE BIBLIOGRAFIA, ETC.
Nota de bibliografía Incluye referencias bibliográficas
650 #4 - ASIENTO SECUNDARIO DE MATERIA - TERMINO TEMATICO
Término temático o nombre geográfico como elemento de entrada Educación ambiental
Subdivisión geográfica Colombia.
Subdivisión general Investigación
650 #4 - ASIENTO SECUNDARIO DE MATERIA - TERMINO TEMATICO
Término temático o nombre geográfico como elemento de entrada Investigación ambiental
Subdivisión geográfica Colombia.
700 ## - ASIENTO SECUNDARIO - NOMBRE PERSONAL
Nombre personal Torres-Carrasco, Maritza
Término de relación ed.
942 ## - ELEMENTOS ADICIONALES (KOHA)
Sistema de clasificación Dewey Decimal Classification
Tipo de ítem Impreso
Koha issues (borrowed), all copies 1
Existencias
Withdrawn status Lost status Sistema de Clasificación Damaged status No para préstamo Colección Inventariado Ubicación Permanente Ubicación actual Fecha de adquisición Fuente de Valor Valor Total Checkouts Total Renewals Número topográfico Inventario / Código de Barras Date last seen Date checked out Ejemplar Price effective from Forma de adquisición Tipo de material
    Dewey Decimal Classification     General Inventariado 2017 Bogotá Bogotá 16/09/2013 Instituto 39000.00 1 1 LB-370.19 C78i 058480 04/10/2017 12/09/2017 Ej. 1 16/09/2013   Libro
    Dewey Decimal Classification     General   Bogotá Bogotá 16/09/2013         LB-370.19 C78i 058482 16/09/2013   Ej. 2 16/09/2013   CD-ROM
    Dewey Decimal Classification     General   Bogotá Bogotá 15/11/2019         LB-370.19 C78i 043810 15/11/2019   Ej.3 15/11/2019 Donación Libro